Surgical treatment of head and neck tumors. (Record no. 4180)

000 -LEADER
fixed length control field 00979pam a2200313 4500
001 - CONTROL NUMBER
control field 3622550
003 - CONTROL NUMBER IDENTIFIER
control field OSt
005 - DATE AND TIME OF LATEST TRANSACTION
control field 20220318100018.0
008 - FIXED-LENGTH DATA ELEMENTS--GENERAL INFORMATION
fixed length control field 740228s1974 nyua 001 0 eng
010 ## - LIBRARY OF CONGRESS CONTROL NUMBER
LC control number 74003460
020 ## - INTERNATIONAL STANDARD BOOK NUMBER
International Standard Book Number 0808908111
040 ## - CATALOGING SOURCE
Original cataloging agency DLC
Transcribing agency ALUPE UNIVERSITY
Modifying agency DLC
041 1# - LANGUAGE CODE
Language code of text/sound track or separate title engpor
050 00 - LIBRARY OF CONGRESS CALL NUMBER
Classification number RD661
Item number .B38 1974
060 ## - NATIONAL LIBRARY OF MEDICINE CALL NUMBER
Classification number WE705 B238s 1974
082 00 - DEWEY DECIMAL CLASSIFICATION NUMBER
Classification number 616.9/92/91
100 1# - MAIN ENTRY--PERSONAL NAME
Personal name Barbosa, Jorge Fairbanks.
245 10 - TITLE STATEMENT
Title Surgical treatment of head and neck tumors.
Statement of responsibility, etc. Edited by Jorge Fairbanks Barbosa. Illus. by José Gonçalves. Translation by Rosemarie von Becker Froon.
260 ## - PUBLICATION, DISTRIBUTION, ETC.
Place of publication, distribution, etc. New York,
Name of publisher, distributor, etc. Grune & Stratton
Date of publication, distribution, etc. [1974]
300 ## - PHYSICAL DESCRIPTION
Extent xiii, 311 p.
Other physical details illus.
Dimensions 28 cm.
650 #0 - SUBJECT ADDED ENTRY--TOPICAL TERM
Topical term or geographic name entry element Head
General subdivision Tumors.
650 #0 - SUBJECT ADDED ENTRY--TOPICAL TERM
Topical term or geographic name entry element Neck
General subdivision Tumors.
650 #0 - SUBJECT ADDED ENTRY--TOPICAL TERM
Topical term or geographic name entry element Tumors
General subdivision Surgery.
650 #2 - SUBJECT ADDED ENTRY--TOPICAL TERM
Topical term or geographic name entry element Head
General subdivision Surgery.
650 #2 - SUBJECT ADDED ENTRY--TOPICAL TERM
Topical term or geographic name entry element Neck neoplasms
General subdivision Surgery.
650 #2 - SUBJECT ADDED ENTRY--TOPICAL TERM
Topical term or geographic name entry element Neoplasms
General subdivision Surgery.
906 ## - LOCAL DATA ELEMENT F, LDF (RLIN)
a 7
b cbc
c orignew
d 1
e ocip
f 19
g y-gencatlg
942 ## - ADDED ENTRY ELEMENTS (KOHA)
Source of classification or shelving scheme
Koha item type Book
Suppress in OPAC JO
Holdings
Withdrawn status Lost status Source of classification or shelving scheme Damaged status Not for loan Permanent Location Current Location Shelving location Date acquired Source of acquisition Total Checkouts Full call number Barcode Date last seen Price effective from Koha item type Public note
          AU LIBRARY AU LIBRARY Open Shelf 18.03.2022 DONATION FROM MOI UNIVERSITY   RD661 .B38 1974 28005869 18.03.2022 18.03.2022 Book JO

Powered by Koha